| 000 | 01331nam2a22003011 4500 | ||
|---|---|---|---|
| 001 | v19\rc\1318329 | ||
| 005 | 20250630114914.0 | ||
| 035 | _a(NLR Aleph) 004473603 | ||
| 090 |
_a4573004 _c4573004 |
||
| 100 | _a20060512d1836 |||y0rusy50 ca | ||
| 101 | 0 | _arus | |
| 102 | _aRU | ||
| 105 | _ay z ||||| | ||
| 200 | 1 | _a... на 1836-1837 академический год от ректора и Совета | |
| 210 | _d1836 | ||
| 215 | _a21 с. | ||
| 461 | 0 |
_1001v19\rc\1318324 _12001#$aОбъявление публичного преподавания наук в Санктпетербургском университете....$v...на 1836-1837 академический год$90 _94572985 _aПетербургский университет _cСанкт-Петербург _d1826-1911 _tОбъявление публичного преподавания наук в Санктпетербургском университете.... _v...на 1836-1837 академический год$90 |
|
| 801 | 0 |
_aRU _bNLR _gpsbo |
|
| 801 | 0 |
_aRU _bRuMoRGB _2psbo |
|
| 801 | 1 |
_aRU _bProSoft-M _2rusmarc |
|
| 852 |
_aNLR _j18.18.2.272 |
||
| 899 |
_aRuMoRGB _jM 90/104 |
||
| 899 |
_aRuMoRGB _jE 87/9 |
||
| 899 | _aБАН (1831-1861*) | ||
| 899 | _aГПИБ (1826-1912*) | ||
| 899 | _aНБ МГУ (1826-1912*) | ||
| 942 | _cBOOK | ||
| 980 | _aNB | ||